000 00753nam a22002297a 4500
003 OSt
005 20250825145446.0
008 250822b |||||||| |||| 00| 0 eng d
037 _cDissertation
040 _aFEDL
_beng
_cFEDL
041 _aeng
_heng
082 _a375 BHA/DI
100 _aBhawna
_9519205
110 _aUniversity of Delhi. Department of Education
_9818316
245 _aStudy of the NCERT grade 7 english textbook in light of NEP 2020 and NCFSE 2023 guidelines/
_cby Bhawna; Neera Narang. Supervisor
260 _bUniversity of Delhi
_c2025
300 _a83p.
650 _aCURRICULUM
700 _aNarang, Neera. Supervisor
_9818526
942 _2ddc
_cDIS
_h375 BHA/DI
_n0
999 _c1434845
_d1434845